| 000 | nam a22 7a 4500 | ||
|---|---|---|---|
| 999 |
_c232452 _d232452 |
||
| 003 | Nust | ||
| 005 | 20170217100316.0 | ||
| 008 | 170217b xxu||||| |||| 00| 0 eng d | ||
| 040 | _c0 | ||
| 050 | _a628 ISA | ||
| 082 | _a628 ISA | ||
| 100 | _aHaneea Isaad, Huma Tariq, Sameer Ahmed Memon, Shadab Naseem Kiani | ||
| 245 |
_aDevelopment Of Titania Embedded Cotton Fabric For Disinfection Of Drinking Water _cHaneea Isaad, Huma Tariq, Sameer Ahmed Memon, Shadab Naseem Kiani |
||
| 260 |
_aIslamabad _bIESE (SCEE) NUST _c2015. |
||
| 300 |
_a47 p. _bHB. |
||
| 440 | _aUG Environmental Engineering | ||
| 500 | _aThesis UG EE | ||
| 650 | _aEnvironmental Engineering | ||
| 700 | _4Dr. Ishtiaq A Qazi (Supervisor) | ||
| 942 |
_2ddc _cTHE _kIESE |
||